[Event "SR 4. liga A21 2012/2013"]
[Site "?"]
[Date "2013.01.06"]
[Round "6.4"]
[White "Galik, Martin"]
[Black "Fajnor, Dusan"]
[Result "1/2-1/2"]
[WhiteElo "1323"]
[BlackElo "1000"]
[PlyCount "133"]
[EventDate "2012.??.??"]

1. e4 e6 2. d4 d5 3. Nd2 Nf6 4. e5 Nfd7 5. Ngf3 c5 6. c3 Nc6 7. Bb5 Qb6 8. Bxc6
Qxc6 9. O-O cxd4 10. cxd4 Be7 11. b3 b5 12. a3 O-O 13. b4 Nb6 14. Nb3 Nc4 15.
Nc5 h6 16. Qd3 Qb6 17. g3 Rd8 18. Ne1 a5 19. Qc3 a4 20. Ng2 Qc6 21. Nf4 Qe8 22.
Qf3 Qf8 23. Qg4 Bg5 24. Re1 Bxf4 25. Qxf4 Kh7 26. Qh4 g6 27. g4 Ra7 28. Qf6 Qe7
29. Qf4 Qh4 30. g5 hxg5 31. Qxh4+ gxh4 32. Bg5 Rh8 33. Bxh4 Kg8 34. Bf6 Rh3 35.
Rec1 Nxa3 36. Nxa4 Nc4 37. Nc5 Rha3 38. Nb3 Kf8 39. Na5 Rxa1 40. Rxa1 Ke8 41.
Nb3 Ra4 42. Kg2 Rxb4 43. Ra8 Nb6 44. Ra3 Ra4 45. Rxa4 bxa4 46. Na1 Ba6 47. Kf3
Bf1 48. Kg3 a3 49. f4 Nc4 50. Kf2 Bd3 51. Ke1 a2 52. Kd1 Na3 53. Kc1 Nc2 54.
Nxc2 Bxc2 55. Kb2 Bb3 56. h4 Kd7 57. Bg5 Kc6 58. Be7 Kb5 59. Bc5 Kc4 60. Bb6
Kd3 61. Bc5 Ke3 62. Bb6 Kxf4 63. Bc5 Kg4 64. Be7 Bc4 65. Bd8 Kf3 66. Be7 g5 67.
hxg5 1/2-1/2

[Event "SR 4. liga A21 2012/2013"]
[Site "?"]
[Date "2013.01.06"]
[Round "6.4"]
[White "Moravec, Milan"]
[Black "Skapik, Branislav"]
[Result "0-1"]
[WhiteElo "1566"]
[BlackElo "1857"]
[PlyCount "74"]
[EventDate "2012.??.??"]

1. d4 Nf6 2. c4 g6 3. Nc3 Bg7 4. e4 d6 5. f3 O-O 6. Be3 Nbd7 7. Bd3 c5 8. d5 a6
9. a4 e6 10. Nge2 Ne5 11. O-O exd5 12. cxd5 Nxd3 13. Qxd3 Nd7 14. Bf4 Ne5 15.
Bxe5 Bxe5 16. f4 Bg7 17. Ng3 Bd7 18. b3 Qb6 19. Qc4 Qd8 20. f5 b5 21. Qd3 b4
22. Nce2 Bxa1 23. Rxa1 gxf5 24. Nxf5 Bxf5 25. exf5 Qf6 26. Rf1 Rfe8 27. Ng3
Qd4+ 28. Qxd4 cxd4 29. Rd1 Re3 30. Rxd4 Rxb3 31. Ne4 Rd8 32. Rc4 Rb1+ 33. Kf2
b3 34. f6 b2 35. Nd2 Rd1 36. Ke2 Rxd2+ 37. Kxd2 b1=Q 0-1

[Event "SR 4. liga A21 2012/2013"]
[Site "?"]
[Date "2013.01.06"]
[Round "6.4"]
[White "Pericka, Tomas"]
[Black "Drahos, Miroslav"]
[Result "1-0"]
[WhiteElo "2029"]
[BlackElo "1652"]
[PlyCount "63"]
[EventDate "2012.??.??"]

1. e4 e5 2. Bc4 Nf6 3. d3 Nc6 4. Nc3 Bb4 5. a3 Bxc3+ 6. bxc3 d5 7. exd5 Nxd5 8.
Bd2 O-O 9. Ne2 Be6 10. O-O a6 11. Ng3 Nf4 12. Bxe6 Nxe6 13. Rb1 b5 14. f4 Nxf4
15. Bxf4 exf4 16. Rxf4 Qd6 17. Rh4 Qxa3 18. Qh5 h6 19. Nf5 Qxc3 20. Nxh6+ gxh6
21. Qxh6 Qg7 22. Qxc6 Rfe8 23. h3 Kf8 24. Rg4 Qh8 25. Qxc7 Rad8 26. Qc5+ Re7
27. Re1 Rde8 28. Rge4 Qf6 29. h4 a5 30. h5 a4 31. h6 a3 32. Rxe7 1-0

[Event "SR 4. liga A21 2012/2013"]
[Site "?"]
[Date "2013.01.06"]
[Round "6.4"]
[White "Sadlon, Juraj"]
[Black "Lackovic, Marek"]
[Result "1-0"]
[WhiteElo "1804"]
[BlackElo "1552"]
[PlyCount "91"]
[EventDate "2012.??.??"]

1. e4 c5 2. Nf3 d6 3. Bb5+ Bd7 4. Bxd7+ Qxd7 5. c4 Nc6 6. d3 e6 7. O-O Nf6 8.
b3 Be7 9. Bb2 O-O 10. Re1 Rad8 11. d4 cxd4 12. Nxd4 Nxd4 13. Qxd4 b6 14. Nc3
Qc6 15. Qe3 Rfe8 16. Nb5 a6 17. Nd4 Qc7 18. Qf3 Nd7 19. Qg3 Bf6 20. Rad1 Nc5
21. Nb5 Qe7 22. Bxf6 Qxf6 23. Nxd6 Re7 24. e5 Qg6 25. Qxg6 hxg6 26. f4 Red7 27.
Rd2 Kf8 28. Red1 Ke7 29. Kf2 a5 30. Ke3 f6 31. Ne4 Nxe4 32. Rxd7+ Rxd7 33.
Rxd7+ Kxd7 34. Kxe4 Kc6 35. Kd4 f5 36. a3 Kc7 37. b4 axb4 38. axb4 Kc6 39. Ke3
Kd7 40. Kf3 g5 41. fxg5 g6 42. h4 Ke7 43. g4 Kf7 44. h5 fxg4+ 45. Kxg4 Kg7 46.
c5 1-0

[Event "SR 4. liga A21 2012/2013"]
[Site "?"]
[Date "2013.01.06"]
[Round "6.4"]
[White "Sottnik, Filip"]
[Black "Sadlon, Matus"]
[Result "1-0"]
[WhiteElo "1503"]
[BlackElo "1596"]
[PlyCount "135"]
[EventDate "2012.??.??"]

1. e4 e6 2. Nf3 d5 3. exd5 exd5 4. d4 Nf6 5. Bg5 Be7 6. Nc3 Bg4 7. h3 Bh5 8.
Bd3 c6 9. g4 Bg6 10. Bxg6 hxg6 11. Qd2 Nbd7 12. O-O-O Nb6 13. Rde1 Nc4 14. Qf4
Qd6 15. Ne5 Nb6 16. Re3 Rf8 17. Rhe1 Ng8 18. Bxe7 Nxe7 19. Nxg6 Qxf4 20. Nxf4
Nbc8 21. Na4 b6 22. Nh5 Rg8 23. f4 Kd8 24. f5 Rb8 25. b4 Rb7 26. Nb2 Nd6 27.
Nd3 Ne4 28. Ne5 Ke8 29. Ng3 Nxg3 30. Rxg3 f6 31. Nxc6 Kf7 32. Rxe7+ Rxe7 33.
Nxe7 Kxe7 34. Re3+ Kd7 35. a4 Rc8 36. Kd2 Rc4 37. c3 a5 38. bxa5 bxa5 39. Kc2
Rxa4 40. Kb3 Rc4 41. Re6 a4+ 42. Kb2 a3+ 43. Kb3 Rc8 44. Ra6 Ke7 45. Rxa3 Rh8
46. Ra7+ Kd6 47. Rxg7 Rxh3 48. Rg8 Ke7 49. Rg7+ Ke8 50. Kb4 Rg3 51. Kc5 Rxc3+
52. Kxd5 Re3 53. Kd6 Re4 54. d5 Re3 55. g5 fxg5 56. Rxg5 Rf3 57. Ke5 Re3+ 58.
Kf4 Re1 59. f6 Kf7 60. Rf5 Re2 61. d6 Re6 62. Rd5 Rxf6+ 63. Ke4 Re6+ 64. Kd4
Re8 65. d7 Rd8 66. Kc5 Ke7 67. Kc6 Ra8 68. Kb7 1-0

[Event "SR 4. liga A21 2012/2013"]
[Site "?"]
[Date "2013.01.06"]
[Round "6.5"]
[White "Barcaj, Jaroslav"]
[Black "Tomasovic, Martin"]
[Result "1-0"]
[WhiteElo "1586"]
[BlackElo "1479"]
[PlyCount "77"]
[EventDate "2012.??.??"]

1. e4 e5 2. Nf3 Nc6 3. Bb5 a6 4. Ba4 Bc5 5. d3 d6 6. a3 Bg4 7. c3 b5 8. Bb3
Nge7 9. Bxf7+ Kd7 10. h3 Bxf3 11. Qxf3 Bxf2+ 12. Qxf2 Kc8 13. O-O Kb7 14. Bg5
h6 15. Bxe7 Qxe7 16. Bd5 Rhf8 17. Qe2 Qg5 18. Nd2 Rf6 19. Rxf6 gxf6 20. Rf1 Rf8
21. Rf5 Qg7 22. Qf2 Qg6 23. Nf1 h5 24. Qg3 Qe8 25. Qh4 Kb6 26. Bxc6 Qxc6 27.
Qf2+ Ka5 28. Rxf6 Rxf6 29. Qxf6 Qb6+ 30. Qf2 c5 31. Ne3 Qc6 32. b4+ cxb4 33.
axb4+ Kb6 34. Nd5+ Kb7 35. Qf7+ Kb8 36. Qxh5 Qc8 37. Qf7 a5 38. bxa5 Qa6 39.
Qc7+ 1-0

[Event "SR 4. liga A21 2012/2013"]
[Site "?"]
[Date "2013.01.06"]
[Round "6.5"]
[White "Kubik, Peter"]
[Black "Krchnak, Rudolf"]
[Result "1-0"]
[WhiteElo "1720"]
[BlackElo "1857"]
[PlyCount "117"]
[EventDate "2012.??.??"]

1. e4 d6 2. d4 Nf6 3. Nc3 c6 4. Nf3 Bg4 5. h3 Bh5 6. Be2 Nbd7 7. O-O e5 8. Be3
Be7 9. Qd2 O-O 10. Rad1 Qc7 11. Nh2 Bxe2 12. Qxe2 a6 13. g4 b5 14. g5 Ne8 15.
Qg4 g6 16. f4 f5 17. exf5 gxf5 18. Qg3 e4 19. h4 Ng7 20. Rf2 Nb6 21. b3 d5 22.
Nf1 Bd6 23. Ne2 Qf7 24. Qh3 Qg6 25. Nfg3 Kf7 26. h5 Qe6 27. h6 Ne8 28. Qxf5+
Qxf5 29. Nxf5 Kg6 30. Nh4+ Kf7 31. f5 Kg8 32. Rdf1 Nd7 33. f6 Kf7 34. Nf5 Nb8
35. Kg2 a5 36. Kh3 a4 37. Nxd6+ Nxd6 38. Bf4 Ne8 39. Be5 axb3 40. axb3 Rg8 41.
Kg4 Nd7 42. Kf5 Nf8 43. Nf4 Nd7 44. Rg2 Nf8 45. Rgg1 Rd8 46. Ra1 Nd6+ 47. Bxd6
Rxd6 48. Ra7+ Nd7 49. Rga1 Rd8 50. Rb7 Kg8 51. Raa7 Nf8 52. Rg7+ Kh8 53. g6
R6d7 54. Raxd7 Rxd7 55. Rxd7 Nxd7 56. Ke6 Nf8+ 57. Ke7 hxg6 58. Kxf8 g5 59. Ne2
1-0

[Event "SR 4. liga A21 2012/2013"]
[Site "?"]
[Date "2013.01.06"]
[Round "6.5"]
[White "Lanik, Miroslav"]
[Black "Bjel, Lubos"]
[Result "1/2-1/2"]
[WhiteElo "1945"]
[BlackElo "1668"]
[PlyCount "34"]
[EventDate "2012.??.??"]

1. e4 e6 2. d4 d5 3. Nc3 Bb4 4. e5 c5 5. Bd2 cxd4 6. Nb5 Bc5 7. Qg4 g6 8. Nxd4
Qb6 9. Bc3 Nc6 10. Ngf3 Bxd4 11. Bxd4 Nxd4 12. Qxd4 Qxd4 13. Nxd4 a6 14. Bd3
Ne7 15. f4 Bd7 16. O-O-O Nc6 17. c3 O-O 1/2-1/2

[Event "SR 4. liga A21 2012/2013"]
[Site "?"]
[Date "2013.01.06"]
[Round "6.5"]
[White "Orvisky, Vladimir"]
[Black "Palka, Miroslav"]
[Result "0-1"]
[WhiteElo "1838"]
[BlackElo "1924"]
[PlyCount "128"]
[EventDate "2012.??.??"]

1. c4 Nf6 2. Nc3 e6 3. e4 d5 4. e5 Nfd7 5. d4 dxc4 6. Bxc4 Nb6 7. Bb3 c5 8.
dxc5 Qxd1+ 9. Bxd1 Bxc5 10. Ne4 Bb4+ 11. Ke2 Nc6 12. Nf3 Nc4 13. a3 Be7 14. Bf4
b5 15. b4 Bb7 16. Bc2 O-O 17. Nd6 Bxd6 18. exd6 e5 19. Bg3 Nxd6 20. Rhd1 Rad8
21. Kf1 f6 22. Bb3+ Nc4 23. Nd2 Nd4 24. Ba2 Bd5 25. Nxc4 Bxc4+ 26. Bxc4+ bxc4
27. Rac1 Rc8 28. a4 c3 29. Rd3 c2 30. f3 Rc4 31. Be1 Rfc8 32. Bd2 a5 33. bxa5
Rxa4 34. Rc3 Rxc3 35. Bxc3 Rc4 36. Bxd4 exd4 37. Ke2 Ra4 38. Rxc2 Rxa5 39. Kd3
Rh5 40. g4 Rh4 41. Ke4 h5 42. Kf5 hxg4 43. fxg4 Kh7 44. Kf4 Rh3 45. Rg2 Kg6 46.
Rd2 d3 47. Rf2 Kh6 48. Kf5 Re3 49. h4 Re5+ 50. Kf4 Re2 51. Kf3 Re6 52. Rd2 Rd6
53. Ke4 Kg6 54. Rxd3 Rxd3 55. Kxd3 f5 56. gxf5+ Kxf5 57. Ke3 Kg4 58. Kf2 Kxh4
59. Kf3 g5 60. Kg2 Kg4 61. Kh2 Kf3 62. Kg1 Kg3 63. Kh1 Kf2 64. Kh2 g4 0-1

[Event "SR 4. liga A21 2012/2013"]
[Site "?"]
[Date "2013.01.06"]
[Round "6.5"]
[White "Podjavorinsky, Michal"]
[Black "Tokos, Rastislav"]
[Result "1-0"]
[WhiteElo "1681"]
[BlackElo "1858"]
[PlyCount "121"]
[EventDate "2012.??.??"]

1. d4 Nf6 2. c4 d6 3. Nc3 Bf5 4. Nf3 h6 5. e3 Nbd7 6. Bd3 Bxd3 7. Qxd3 c5 8.
O-O Rc8 9. Re1 Nb6 10. d5 Qd7 11. e4 Qg4 12. b3 Nh5 13. e5 Kd8 14. exd6 exd6
15. h3 Nf4 16. Bxf4 Qxf4 17. Re4 Qf6 18. Rae1 a6 19. Qe3 Kc7 20. Rf4 Qg6 21.
Nh4 Qh5 22. Ne2 g5 23. Rf5 Nd7 24. g3 Bg7 25. Nf4 gxf4 26. Qxf4 Be5 27. Qd2
Qxf5 28. Nxf5 Rcg8 29. f4 Bf6 30. Kh2 b6 31. a4 a5 32. Qe2 h5 33. Qf3 Rg6 34.
Re2 Rgg8 35. Ne7 Rg7 36. Re4 Rhh7 37. Qe2 Rh8 38. Nf5 Rgg8 39. Ne3 Kd8 40. Ng2
Rg7 41. Nh4 Kc7 42. Re8 Bxh4 43. Rxh8 Bxg3+ 44. Kh1 Ne5 45. fxe5 dxe5 46. Rxh5
f6 47. Qe4 Kd6 48. Qf5 Ke7 49. Rh7 Rxh7 50. Qxh7+ Kd6 51. Qg8 Bh4 52. Qe6+ Kc7
53. Kg2 Bg5 54. d6+ Kb7 55. d7 Kc7 56. Qxb6+ Kxd7 57. Qxc5 Ke6 58. Qxa5 Kf5 59.
c5 Ke4 60. c6 f5 61. c7 1-0

[Event "SR 4. liga A21 2012/2013"]
[Site "?"]
[Date "2013.01.06"]
[Round "6.6"]
[White "Buran, Andrej ml"]
[Black "Hrubsa, Marian"]
[Result "0-1"]
[WhiteElo "1152"]
[BlackElo "1820"]
[PlyCount "78"]
[EventDate "2012.??.??"]

1. d4 d5 2. c4 e6 3. Nf3 Nf6 4. Nc3 c6 5. Bg5 Nbd7 6. e3 Qa5 7. Qd2 Bb4 8. Bd3
dxc4 9. Bc2 Nd5 10. O-O Bxc3 11. bxc3 Qxc3 12. Qxc3 Nxc3 13. Nd2 b5 14. Ne4
Nxe4 15. Bxe4 Bb7 16. Rfb1 a5 17. a3 O-O 18. Rc1 Nb6 19. Be7 Rfc8 20. Rab1 Nd5
21. Bc5 Ba6 22. Bf3 Rab8 23. Be2 f5 24. a4 Kf7 25. f3 Nxe3 26. Kf2 Nd5 27. Ra1
Nf4 28. Bf1 b4 29. Bxc4 Bxc4 30. Rxc4 Nd5 31. Bd6 Rb7 32. Rac1 Nc3 33. Be5 Nd5
34. Rxc6 Rxc6 35. Rxc6 b3 36. Rc1 b2 37. Rb1 Nc3 38. Rxb2 Rxb2+ 39. Kg3 Nxa4
0-1

[Event "SR 4. liga A21 2012/2013"]
[Site "?"]
[Date "2013.01.06"]
[Round "6.6"]
[White "Diviak, Rastislav"]
[Black "Hudacek, Josef"]
[Result "1/2-1/2"]
[WhiteElo "2017"]
[BlackElo "2067"]
[PlyCount "75"]
[EventDate "2012.??.??"]

1. e4 e5 2. Nf3 Nc6 3. Bb5 a6 4. Ba4 Nf6 5. O-O Nxe4 6. d4 b5 7. Bb3 d5 8. dxe5
Be6 9. c3 Be7 10. Be3 O-O 11. Nbd2 Nxd2 12. Qxd2 Qd7 13. Rad1 Rad8 14. Bc2 Bg4
15. Qd3 g6 16. Bf4 f6 17. Bb3 Be6 18. Rfe1 f5 19. Bg5 Na5 20. Bc2 Nc4 21. Rb1
c5 22. b3 Na3 23. Rbd1 Kg7 24. Qd2 Bxg5 25. Nxg5 Nxc2 26. Qxc2 h6 27. Nxe6+
Qxe6 28. f4 g5 29. g3 Rd7 30. Qf2 Rc8 31. Rd2 g4 32. Red1 h5 33. Qg2 Rcd8 34.
Qf2 Rc8 35. Qg2 Rcd8 36. Qf2 Rc7 37. Qg2 Rcd7 38. Qf2 1/2-1/2

[Event "SR 4. liga A21 2012/2013"]
[Site "?"]
[Date "2013.01.06"]
[Round "6.6"]
[White "Diviak, Rudolf"]
[Black "Vogl, Zdenek"]
[Result "1/2-1/2"]
[WhiteElo "1852"]
[BlackElo "1945"]
[PlyCount "79"]
[EventDate "2012.??.??"]

1. e4 e5 2. Nf3 Nc6 3. Bb5 a6 4. Ba4 Nf6 5. O-O b5 6. Bb3 Be7 7. Re1 O-O 8. c3
d6 9. h3 Na5 10. Bc2 c5 11. d3 h6 12. Nbd2 Nh7 13. Nf1 f5 14. b4 cxb4 15. cxb4
Nc6 16. Bb3+ Kh8 17. Bd5 Qe8 18. exf5 Bxf5 19. Ng3 Rc8 20. Nxf5 Nxb4 21. Ne3
Nf6 22. Bb3 Qg6 23. Be6 Rc7 24. a3 Nc6 25. Nh4 Qe8 26. Bf5 Nd4 27. Bg6 Qc8 28.
Bb2 Nh7 29. Bf5 Nxf5 30. Ng6+ Kg8 31. Qb3+ Rf7 32. Rac1 Nf8 33. Nxf8 Kxf8 34.
Rxc7 Qxc7 35. Rc1 Qd7 36. Nd5 Bd8 37. Qc2 Nd4 38. Bxd4 exd4 39. Qc8 Qxc8 40.
Rxc8 1/2-1/2

[Event "SR 4. liga A21 2012/2013"]
[Site "?"]
[Date "2013.01.06"]
[Round "6.6"]
[White "Kubis, Ivan"]
[Black "Gasa, Patrik"]
[Result "1-0"]
[WhiteElo "2013"]
[BlackElo "1906"]
[PlyCount "103"]
[EventDate "2012.??.??"]

1. e4 c5 2. Nf3 Nc6 3. d4 cxd4 4. Nxd4 e5 5. Nb5 a6 6. Nd6+ Bxd6 7. Qxd6 Qf6 8.
Qa3 Qg6 9. Be3 Qxe4 10. Nc3 Qb4 11. Qxb4 Nxb4 12. O-O-O Ne7 13. Bc4 O-O 14. Bc5
Nbc6 15. Nd5 Nxd5 16. Bxf8 Kxf8 17. Rxd5 Ke7 18. Rhd1 g6 19. c3 f6 20. b4 b5
21. Bb3 Ra7 22. Kb2 Rc7 23. a4 Na7 24. f3 Bb7 25. R5d2 Nc8 26. a5 d6 27. Bg8 h6
28. h4 f5 29. Bd5 Bxd5 30. Rxd5 Rc4 31. g3 Ke6 32. R5d2 Rc6 33. Kb3 Rc4 34. Rd5
Ke7 35. Re1 Ke6 36. Rd4 d5 37. f4 e4 38. h5 Rc6 39. Rh1 Rd6 40. hxg6 Kf6 41.
Rxh6 e3 42. Rh1 Ne7 43. Re1 Kxg6 44. Rxe3 Kf6 45. Rd1 Nc6 46. Red3 Ke6 47. Rh1
Kf7 48. Rh7+ Kg6 49. Rh8 Kg7 50. Rh5 Kg6 51. g4 Ne7 52. Rdh3 1-0

[Event "SR 4. liga A21 2012/2013"]
[Site "?"]
[Date "2013.01.06"]
[Round "6.6"]
[White "Vach, Jozef"]
[Black "Pipiska, Adam"]
[Result "1-0"]
[WhiteElo "1793"]
[BlackElo "1674"]
[PlyCount "79"]
[EventDate "2012.??.??"]

1. d4 Nf6 2. c4 g6 3. Nc3 Bg7 4. e4 d6 5. f3 O-O 6. Be3 Nbd7 7. Qd2 b6 8. Bd3
c5 9. Nge2 Ba6 10. b3 Rc8 11. Rc1 cxd4 12. Nxd4 Nc5 13. Bb1 Qd7 14. O-O Ne6 15.
Rfe1 Bb7 16. Nce2 Nc7 17. Ng3 e6 18. Rcd1 Rfd8 19. f4 e5 20. fxe5 dxe5 21. Nf3
Qxd2 22. Rxd2 Ng4 23. Rxd8+ Rxd8 24. Bd2 Bf8 25. Re2 Ne6 26. Nf1 Bc5+ 27. Be3
Nf4 28. Re1 Nxe3 29. Nxe3 Bxe3+ 30. Rxe3 Rd1+ 31. Re1 Rxe1+ 32. Nxe1 Ne2+ 33.
Kf2 Nc3 34. Bc2 Nxe4+ 35. Ke3 f5 36. g3 Nc3 37. a3 Kf7 38. Nd3 Ke6 39. Nf2 g5
40. b4 {time} 1-0

[Event "SR 4. liga A21 2012/2013"]
[Site "?"]
[Date "2013.01.20"]
[Round "7.1"]
[White "Hrubsa, Marian"]
[Black "Piestansky, Jan"]
[Result "1-0"]
[WhiteElo "1820"]
[BlackElo "1588"]
[PlyCount "77"]
[EventDate "2012.??.??"]

1. e4 e5 2. Nf3 d6 3. Nc3 h6 4. d4 exd4 5. Qxd4 Nc6 6. Bb5 Bd7 7. Bxc6 Bxc6 8.
O-O Be7 9. Re1 Qd7 10. Bd2 Kf8 11. Rad1 b6 12. Bc1 Re8 13. Qc4 b5 14. Qb3 a6
15. Ne5 Qe6 16. Qxe6 fxe6 17. Nxc6 Bf6 18. e5 dxe5 19. Nxe5 Bxe5 20. Rxe5 Nf6
21. Rc5 Nd5 22. Nxd5 exd5 23. Rcxd5 Kg8 24. Rd7 c5 25. Be3 c4 26. Bd4 Rh7 27.
Bc3 g5 28. Kf1 Rhe7 29. Rxe7 Rxe7 30. Rd6 Kh7 31. Rxa6 Rb7 32. Bd4 h5 33. Ra7
Rxa7 34. Bxa7 Kg6 35. b3 Kf5 36. bxc4 bxc4 37. c3 Ke4 38. Ke2 g4 39. a4 1-0

[Event "SR 4. liga A21 2012/2013"]
[Site "?"]
[Date "2013.01.20"]
[Round "7.1"]
[White "Hudacek, Josef"]
[Black "Slaby, Jozef"]
[Result "1-0"]
[WhiteElo "2067"]
[BlackElo "1890"]
[PlyCount "97"]
[EventDate "2012.??.??"]

1. g3 d5 2. Bg2 Nf6 3. Nf3 c5 4. c3 Nc6 5. O-O e5 6. d3 Bd6 7. Nbd2 O-O 8. h3
Re8 9. e4 d4 10. c4 Ne7 11. Nh2 Ng6 12. Ndf3 Bd7 13. Kh1 b5 14. b3 bxc4 15.
bxc4 Rb8 16. Qe1 Qc8 17. Ng1 Bc6 18. f4 exf4 19. gxf4 Qc7 20. Ne2 Nd7 21. Qf2
Be7 22. Nf3 Qd8 23. Ng3 Qc7 24. Ne2 a5 25. h4 Qd8 26. h5 Nh4 27. Ng5 h6 28.
Qxh4 hxg5 29. fxg5 Ne5 30. Qg3 Bd6 31. Bf4 Rb2 32. Rf2 Qb8 33. Bxe5 Bxe5 34.
Qf3 Rf8 35. Bh3 Qd8 36. Qf5 Bd6 37. Rg1 Rb7 38. Nf4 Bd7 39. Qd5 Bxf4 40. Rxf4
Bc8 41. Bxc8 Qxc8 42. Rf5 Rc7 43. g6 Qe8 44. h6 Rd7 45. gxf7+ Rfxf7 46. Rxg7+
Kh8 47. Rfxf7 Rxd5 48. Rh7+ Kg8 49. Rfg7+ 1-0

[Event "SR 4. liga A21 2012/2013"]
[Site "?"]
[Date "2013.01.20"]
[Round "7.1"]
[White "Kubik, Peter"]
[Black "Kupkovic, Miroslav"]
[Result "1/2-1/2"]
[WhiteElo "1862"]
[BlackElo "1799"]
[PlyCount "59"]
[EventDate "2012.??.??"]

1. e4 e6 2. d4 d5 3. Nd2 Nf6 4. Bd3 dxe4 5. Nxe4 Nxe4 6. Bxe4 Be7 7. Nf3 Nd7 8.
O-O Nf6 9. Bd3 O-O 10. Ne5 c5 11. dxc5 Bxc5 12. Bg5 Be7 13. c4 Nd7 14. Bxe7
Qxe7 15. Re1 Nxe5 16. Rxe5 Qf6 17. Qh5 g6 18. Qg5 Qxg5 19. Rxg5 b6 20. Be4 Rb8
21. Rd1 Bb7 22. Bxb7 Rxb7 23. Rg3 Rc8 24. b3 Kf8 25. Rgd3 Ke7 26. Kf1 h5 27. h4
Rbc7 28. a4 Rg8 29. Ke2 Rgc8 30. Rd4 1/2-1/2

[Event "SR 4. liga A21 2012/2013"]
[Site "?"]
[Date "2013.01.20"]
[Round "7.1"]
[White "Pripko, Bystrik"]
[Black "Kubis, Ivan"]
[Result "0-1"]
[WhiteElo "1815"]
[BlackElo "2013"]
[PlyCount "68"]
[EventDate "2012.??.??"]

1. e4 e5 2. Nf3 Nc6 3. Bc4 Nf6 4. Nc3 Nxe4 5. Bxf7+ Kxf7 6. Nxe4 d5 7. Nc3 e4
8. Ng1 Bf5 9. Nge2 d4 10. Nb1 Bd6 11. Ng3 Bg6 12. O-O Re8 13. c3 d3 14. Qb3+
Re6 15. Qxb7 Bc5 16. b4 Rb8 17. Qa6 Nxb4 18. Qc4 Nc2 19. Qxc5 Nxa1 20. Na3 Nc2
21. Nc4 Kg8 22. Ne5 Qg5 23. Qxa7 Rbe8 24. Nxg6 Rxg6 25. Qxc7 h5 26. Qc4+ Kh7
27. Qf7 Re5 28. f4 exf3 29. Qxf3 h4 30. Ne4 Qe7 31. Nf2 Ne1 32. Qh3 Nxg2 33.
Kh1 Qb7 34. Nxd3 Ne1+ 0-1

[Event "SR 4. liga A21 2012/2013"]
[Site "?"]
[Date "2013.01.20"]
[Round "7.1"]
[White "Vagovic, Milan"]
[Black "Vach, Jozef"]
[Result "1/2-1/2"]
[WhiteElo "1725"]
[BlackElo "1793"]
[PlyCount "113"]
[EventDate "2012.??.??"]

1. d4 d5 2. Nf3 Bg4 3. c4 c6 4. Nc3 Nf6 5. e3 e6 6. Be2 Nbd7 7. O-O Be7 8. h3
Bh5 9. Re1 O-O 10. a3 a6 11. b4 Bxf3 12. gxf3 dxc4 13. Bxc4 Nd5 14. Ne2 Bh4 15.
e4 Qf6 16. Ng3 Nc3 17. Qd3 Nb5 18. Bb2 Qg6 19. Kh2 Nd6 20. Rg1 Nxc4 21. Qxc4
Qh6 22. Bc1 Qf6 23. f4 Nb6 24. Qc5 Nd7 25. Qc3 Bxg3+ 26. Rxg3 Rfd8 27. Be3 Nf8
28. Rag1 Ng6 29. e5 Qf5 30. Qc1 Kh8 31. Qd1 h6 32. Qg4 Kh7 33. h4 Qxg4 34. Rxg4
Rg8 35. h5 Ne7 36. Rc1 Nf5 37. Rgg1 Rad8 38. Rgd1 Rd5 39. a4 Rgd8 40. Rc4 g6
41. hxg6+ fxg6 42. Kg2 g5 43. fxg5 Nxe3+ 44. fxe3 Rxe5 45. gxh6 Rxe3 46. Kf2
Rh3 47. b5 axb5 48. axb5 e5 49. bxc6 bxc6 50. Rxc6 exd4 51. Re6 Rd7 52. Kg2 Rc3
53. Re4 d3 54. Kf2 Rc2+ 55. Ke1 Rd6 56. Rd2 Rxh6 57. Rxc2 1/2-1/2

[Event "SR 4. liga A21 2012/2013"]
[Site "?"]
[Date "2013.01.20"]
[Round "7.2"]
[White "Bjel, Lubos"]
[Black "Diviak, Rastislav"]
[Result "1/2-1/2"]
[WhiteElo "1668"]
[BlackElo "2017"]
[PlyCount "53"]
[EventDate "2012.??.??"]

1. e4 d6 2. Nf3 Nf6 3. Nc3 g6 4. Bc4 Bg7 5. d3 c5 6. h3 Nc6 7. Bb5 Bd7 8. O-O
O-O 9. Re1 Qc7 10. Bf4 a6 11. Bxc6 bxc6 12. e5 Nd5 13. Nxd5 cxd5 14. d4 c4 15.
c3 Rab8 16. exd6 exd6 17. b4 Rfe8 18. a3 Qc6 19. a4 Rxe1+ 20. Qxe1 Re8 21. Qd2
Bf5 22. Re1 Qxa4 23. Bxd6 Re4 24. Ng5 Bh6 25. f4 Bxg5 26. fxg5 Qc2 27. Qxc2
1/2-1/2

[Event "SR 4. liga A21 2012/2013"]
[Site "?"]
[Date "2013.01.20"]
[Round "7.2"]
[White "Diviak, Rudolf"]
[Black "Orvisky, Vladimir"]
[Result "1/2-1/2"]
[WhiteElo "1852"]
[BlackElo "1838"]
[PlyCount "127"]
[EventDate "2012.??.??"]

1. e4 Nf6 2. Bc4 Nxe4 3. Bxf7+ Kxf7 4. Qh5+ g6 5. Qd5+ e6 6. Qxe4 Be7 7. d4 d5
8. Qd3 Nc6 9. Nf3 Bf6 10. Bf4 Re8 11. Qe3 Qe7 12. Ne5+ Nxe5 13. Bxe5 Bxe5 14.
Qxe5 Qb4+ 15. Nd2 Qxb2 16. Qxc7+ Kg8 17. O-O Qxd4 18. Nf3 Qf6 19. Rae1 Re7 20.
Qg3 Bd7 21. Re5 Rf8 22. Nd4 Qf4 23. Qxf4 Rxf4 24. c3 Rf8 25. Rfe1 Kf7 26. R1e3
b5 27. a3 a5 28. Rh3 Kf6 29. Rf3+ Kxe5 30. Rxf8 Ke4 31. Rf3 e5 32. Re3+ Kf4 33.
g3+ Kg5 34. h4+ Kf6 35. Rf3+ Kg7 36. Re3 Kf6 37. Rf3+ Kg7 38. Re3 a4 39. Nc2
Kf6 40. Nb4 Ke6 41. Rd3 Be8 42. Rxd5 Rd7 43. Rxd7 Bxd7 44. Nd3 Kd5 45. Nb2 Ke4
46. Kf1 Kf3 47. Nd3 Bh3+ 48. Ke1 Ke4 49. Nb2 Be6 50. Ke2 Bc4+ 51. Nxc4 bxc4 52.
f3+ Kf5 53. Ke3 h5 54. Ke2 e4 55. Ke3 exf3 56. Kxf3 g5 57. hxg5 Kxg5 58. Kf2
Kf5 59. Kf3 Kg5 60. Kf2 Kg4 61. Kg2 Kf5 62. Kf3 Ke5 63. Ke3 Kf5 64. Kf3 1/2-1/2

[Event "SR 4. liga A21 2012/2013"]
[Site "?"]
[Date "2013.01.20"]
[Round "7.2"]
[White "Krchnak, Rudolf"]
[Black "Ocko, Martin"]
[Result "0-1"]
[WhiteElo "1857"]
[BlackElo "1661"]
[PlyCount "76"]
[EventDate "2012.??.??"]

1. d4 Nf6 2. Nc3 g6 3. e4 d6 4. f4 Bg7 5. Nf3 O-O 6. Be3 Nbd7 7. Be2 c6 8. h3
b5 9. Bd3 b4 10. Ne2 Bb7 11. g4 c5 12. Ng3 d5 13. e5 Ne4 14. Bxe4 dxe4 15. Nd2
cxd4 16. Bg1 e3 17. Nf3 Qa5 18. Rh2 b3+ 19. Kf1 Ba6+ 20. Ne2 bxc2 21. Qxd4 Rfd8
22. Qxe3 Nxe5 23. Kg2 Rd1 24. Rc1 Nxf3 25. Kxf3 Qd5+ 26. Kf2 Bxe2 27. Kxe2 Qc4+
28. Kf3 Rd3 29. Rhxc2 Rxe3+ 30. Bxe3 Qd5+ 31. Kg3 h6 32. b3 Qe4 33. Re2 Rd8 34.
Rce1 Rd3 35. Kf2 Bd4 36. Bxd4 Qxd4+ 37. Kg2 Qxf4 38. Rxe7 Qf3+ 0-1

[Event "SR 4. liga A21 2012/2013"]
[Site "?"]
[Date "2013.01.20"]
[Round "7.2"]
[White "Tokoly, Daniel"]
[Black "Podjavorinsky, Michal"]
[Result "0-1"]
[WhiteElo "1499"]
[BlackElo "1681"]
[PlyCount "80"]
[EventDate "2012.??.??"]

1. e4 d5 2. exd5 Qxd5 3. Nc3 Qa5 4. Bc4 Nf6 5. Nf3 Bg4 6. d3 Nbd7 7. Bf4 e6 8.
a3 Bd6 9. Bg3 Qh5 10. Qe2 Bxg3 11. fxg3 Ne5 12. Rf1 Nxc4 13. dxc4 Rd8 14. Qe5
Bxf3 15. Qxh5 Bxh5 16. Nb5 c6 17. Nc3 O-O 18. h3 Bg6 19. Rf2 Ne4 20. Nxe4 Bxe4
21. c3 Rd7 22. Re2 Bg6 23. b4 Rfd8 24. g4 Bd3 25. Rf2 Bxc4 26. a4 Bb3 27. a5
Rd1+ 28. Rxd1 Rxd1+ 29. Ke2 Rc1 30. Kd2 Rc2+ 31. Ke3 Rxf2 32. Kxf2 Kf8 33. Ke3
Ke7 34. g5 Bc4 35. g3 Kd6 36. Kd4 Bf1 37. h4 b6 38. axb6 axb6 39. c4 c5+ 40.
bxc5+ bxc5+ 0-1

[Event "SR 4. liga A21 2012/2013"]
[Site "?"]
[Date "2013.01.20"]
[Round "7.2"]
[White "Varga, Adam"]
[Black "Buran, Andrej ml"]
[Result "0-1"]
[WhiteElo "1169"]
[BlackElo "1152"]
[PlyCount "58"]
[EventDate "2012.??.??"]

1. e4 e5 2. Nf3 Nc6 3. Bc4 Bc5 4. Nc3 Nf6 5. d3 d6 6. Bg5 Be6 7. Bb5 O-O 8.
Bxc6 bxc6 9. O-O Bg4 10. h3 Bh5 11. g4 Bg6 12. Nh2 Qe7 13. Kg2 Bd4 14. Rb1 Bxc3
15. bxc3 Qe6 16. Bxf6 Qxf6 17. Qf3 Qe6 18. c4 c5 19. h4 f6 20. h5 Bf7 21. Qf5
Qxf5 22. exf5 Be8 23. Rb7 Bc6+ 24. Kg3 Bxb7 25. f4 exf4+ 26. Rxf4 Rfe8 27. Kf2
Bc6 28. Kf1 Rab8 29. Rf2 Rb1# 0-1